000 01461nam0a2200337 i 4500
001 RU\NLR\bibl\2056978
005 20241102215547.0
010 _a9785441701976
_9500
021 _aRU
_b2013-50124
_93471
035 _a(nilc)RuMoRGB-006602031
035 _a(NLR Aleph) 002043840
090 _a4608933
_c4608933
100 _a20130702d2013 u y0rusy50 ca
101 0 _arus
102 _aRU
105 _ay |||||||||
200 1 _aРелигиозный нетрадиционализм
_fД. Н. Воропаев
_gМ-во образования и науки Рос. Федерации, Федер. агентство по образованию, Федер. гос. бюдж. образоват. учреждение высш. проф. образования "Оренбург. гос. пед. ун-т"
210 _aОренбург
_cУниверситет
_d2013
215 _a156 с.
_d21
320 _aБиблиогр.: с. 143-156 (179 назв.) и в подстроч. примеч.
606 _a"Нетрадиционные религии"
_z20 в.
_91738793
_3RU\NLR\AUTH\66777856
686 1 _aЭ248
700 1 _aВоропаев
_bД. Н.
_gДмитрий Николаевич
_4070
801 0 _aRU
_bRuMoRKP
_c20130702
_gRCR
801 2 _aRU
_bРГБ
_c20130709
801 1 _aRU
_bRuMoRKP
_c20130702
_2rusmarc
801 2 _aRU
_bNLR
_c20130725
_grcr
942 _cBOOK
980 _aNBR